000 01242naa a22003257a 4500
001 BR6008751
003 BR-BrBNA
005 20240918172938.0
007 ta
008 230509b bl.||||| |||| 00| 0 por d
040 _aBR-BrBNA
_bpor
_cBiblioteca Nacional de Agricultura
041 _a(Pt)
072 _aH10
_b0336
_b4020
_b4030
_bG514
090 _aH10 BR6008751
100 1 _aSilva, R.F.P. da
111 1 _a1. Seminario de Integracao da Pesquisa Agropecuaria e Extensao Rural
_cPorto Alegre, RS (Brazil)
_d19 Oct 1976
245 1 _aPragas da soja (Glycine max)[inseto, acaro, Rio Grande do Sul, Brasil]
260 3 _aPorto Alegre, RS (Brasil):
_c1976.
500 _a1. Seminario de Integracao da Pesquisa Agropecuaria e Extensao Rural. Trabalhos apresentados Porto Alegre, RS (Brasil): 1976. p. 139-145 (BR6008751-AM)H10
650 _aSOJA
650 _aINSETO
650 _aLAGARTA
650 _aACARO
650 _aBROCA
650 _aCONTROLE QUIMICO
650 _aRIO GRANDE DO SUL
773 0 _t1. Seminario de Integracao da Pesquisa Agropecuaria e Extensao Rural. Trabalhos apresentados
_wH10 BR6008751
_gPorto Alegre, RS (Brasil), 1976. p. 139-145
909 _a202404
_bLucia
_c55
_dLucia Elande
942 _cAM
_2AGRIS
999 _c302187
_d302187